Welcome to CU Library Online Public Access Catalogue (OPAC)

Nursing Theory (Record no. 7930)

MARC details
000 -LEADER
fixed length control field 00550nam a22001697a 4500
005 - DATE AND TIME OF LATEST TRANSACTION
control field 20251030101409.0
008 - FIXED-LENGTH DATA ELEMENTS--GENERAL INFORMATION
fixed length control field 251030b |||||||| |||| 00| 0 eng d
020 ## - INTERNATIONAL STANDARD BOOK NUMBER
International Standard Book Number 0673399206
020 ## - INTERNATIONAL STANDARD BOOK NUMBER
International Standard Book Number 9780673399205
050 ## - LIBRARY OF CONGRESS CALL NUMBER
Classification number RT84.5
Item number .B37
100 ## - MAIN ENTRY--PERSONAL NAME
Personal name Barnum, Barbara J. Stevens
245 ## - TITLE STATEMENT
Title Nursing Theory
Remainder of title analysis, application, evaluation
Statement of responsibility, etc. Barbara J. Stevens Barnum
250 ## - EDITION STATEMENT
Edition statement 3rd ed.
260 ## - PUBLICATION, DISTRIBUTION, ETC.
Place of publication, distribution, etc. Glenview, Illinois
-- London/England
Name of publisher, distributor, etc. Scott, Foresman/Little, Brown Higher Education
Date of publication, distribution, etc. 1990
300 ## - PHYSICAL DESCRIPTION
Extent 339p.
Dimensions 23cm
942 ## - ADDED ENTRY ELEMENTS (KOHA)
Source of classification or shelving scheme Library of Congress Classification
Koha item type Books
Edition 3rd ed.
Suppress in OPAC No
999 ## -
-- 7930
-- 7930
Holdings
Withdrawn status Lost status Source of classification or shelving scheme Damaged status Not for loan Collection Home library Current library Shelving location Date acquired Total checkouts Full call number Barcode Date last seen Copy number Price effective from Koha item type
    Library of Congress Classification     Non-fiction Science Library (Miotso) Science Library (Miotso) General stacks 10/30/2025   RT84.5 .B37 BAR SLM00004990 10/30/2025 1 10/30/2025 Books
© 2023-2024 Copyright: Central University Libraries. All Rights Reserved | Created by: Mahone Tech Office